[Event "WY BU14 2012"]
[Site "Maribor SLO"]
[Date "2012.11.17"]
[Round "10.33"]
[White "Badalyan,Shavarsh"]
[Black "Plotkin,Mark"]
[Result "1-0"]
[WhiteElo "2081"]
[BlackElo "1928"]

1.d4 Nf6 2.c4 g6 3.Nc3 d5 4.cxd5 Nxd5 5.e4 Nxc3 6.bxc3 Bg7 7.Nf3 O-O 8.Be2 c5
9.O-O Bg4 10.Be3 Qc7 11.Rc1 Rd8 12.Qb3 Nc6 13.Ng5 Bxe2 14.Qxf7+ Kh8 15.Ne6 Be5
16.Nxc7 Rf8 17.Qb3 Bxc7 18.Rfe1 Ba6 19.Bh6 Rf6 20.Bg5 Rff8 21.d5 c4 22.Qd1 Ne5
23.Qd4 Rf7 24.Rb1 Kg8 25.Bxe7 Nd3 26.d6 Nxe1 27.dxc7 Rxe7 28.Qd8+ Re8 29.Qd5+ Kf8
30.Rxe1 Re7 31.Qd8+ Re8 32.Qd6+ Kg7 33.Rd1 b6 34.e5 Bb5 35.Qf6+ Kg8 36.Rd8 Ba6
37.Rd7  1-0

[Event "WY BU18 2012"]
[Site "Maribor SLO"]
[Date "2012.11.17"]
[Round "10.42"]
[White "Havas,Ja"]
[Black "Gregory,Sam"]
[Result "1-0"]
[WhiteElo "2135"]
[BlackElo "1771"]

1.d4 Nf6 2.c4 g6 3.Nc3 d5 4.cxd5 Nxd5 5.e4 Nxc3 6.bxc3 Bg7 7.Nf3 c5 8.Rb1 Nc6
9.d5 Ne5 10.Nxe5 Bxe5 11.Qd2 Qa5 12.Rb3 O-O 13.c4 Qxd2+ 14.Bxd2 e6 15.Be3 exd5
16.cxd5 b6 17.f4 Bc7 18.e5 Bd7 19.Bc4 Rfe8 20.Kf2 Rad8 21.Rd1 Kg7 22.Re1 b5
23.Bxb5 Bxb5 24.Rxb5 Rxd5 25.Rxc5 Rd7 26.Rc6 Ba5 27.Re2 Rb8 28.Ra6 Bb6 29.Bxb6 axb6
30.Rb2 b5 31.Ra3 Kf8 32.Rab3 Ra7 33.Ke3 Ke7 34.Ke4 Ke6 35.g4 f5+ 36.gxf5+ gxf5+
37.Ke3 Ra4 38.Rxb5 Rxb5 39.Rxb5 Rxa2 40.Rb6+ Kd5 41.Rd6+ Kc4 42.Rh6 Ra3+
43.Kd2 Kd4 44.Rxh7 Ra2+ 45.Kc1 Kc3 46.Rc7+ Kd3 47.e6 Rxh2 48.Rc5 Rh8 49.Rxf5 Ke4
50.Rf7 Kd5 51.f5 Kd6 52.Kd2  1-0

[Event "WY BU18 2012"]
[Site "Maribor SLO"]
[Date "2012.11.17"]
[Round "10.26"]
[White "Ben Artzi,I"]
[Black "Naoum,S"]
[Result "1-0"]
[WhiteElo "2298"]
[BlackElo "2184"]

1.d4 Nf6 2.c4 g6 3.Nc3 d5 4.cxd5 Nxd5 5.e4 Nxc3 6.bxc3 Bg7 7.Be3 c5 8.Nf3 Qa5
9.Nd2 cxd4 10.Nc4 Qd8 11.cxd4 O-O 12.Rc1 b5 13.Nd2 Bb7 14.d5 f5 15.Qb3 a6
16.d6+ Kh8 17.Rc7 Qxd6 18.Rxb7 f4 19.Bb6 Nc6 20.Qd5 Qf6 21.e5 Nxe5 22.Be2 f3
23.Nxf3 Nxf3+ 24.Bxf3 Qa1+ 25.Qd1 Qc3+ 26.Kf1 Rac8 27.Rxe7 Qb2 28.Re2 Qa3
29.Rc2 Rc4 30.Be2 Rc3 31.h4 b4 32.h5 Rfc8 33.hxg6 h6 34.Qd7 Qc1+ 35.Rxc1 Rxc1+
36.Bd1  1-0

[Event "WY BU14 2012"]
[Site "Maribor SLO"]
[Date "2012.11.17"]
[Round "10.24"]
[White "Blahynka,M"]
[Black "Tutisani,Noe"]
[Result "1-0"]
[WhiteElo "2153"]
[BlackElo "1978"]

1.d4 Nf6 2.c4 g6 3.Nc3 d5 4.cxd5 Nxd5 5.e4 Nxc3 6.bxc3 Bg7 7.Nf3 c5 8.Rb1 O-O
9.Be2 b6 10.O-O Bb7 11.d5 Bxc3 12.Bc4 Bg7 13.Qe2 Qc8 14.e5 Ba6 15.e6 fxe6
16.Ng5 b5 17.Bxb5 exd5 18.Qxe7 Bxb5 19.Rxb5 Qd7 20.Qxc5 h6 21.Nf3 Rf5 22.Qb4 Nc6
23.Qb3 Rd8 24.Rb7 Qe6 25.Re1 Qf6 26.Qe3 Kh8 27.Bb2 d4 28.Qe6 Qxe6 29.Rxe6 Rf6
30.Rxf6 Bxf6 31.Kf1 Kg8 32.Ke1 g5 33.h3 h5 34.Kd1 Rd6 35.g4 hxg4 36.hxg4 Re6
37.Rd7 Nb4 38.Bxd4 Nxa2 39.Rxa7 Bxd4 40.Rxa2 Bf6 41.Re2 Ra6 42.Nd2 Ra2 43.Nc4 Rxe2
44.Kxe2 Kf7 45.Ke3 Ke6 46.Ke4 Bc3 47.Ne3 Be5 48.Nf5 Bh8 49.Nd4+ Kf6 50.f3  1-0

[Event "Siberian Bank Cup"]
[Site "Novosibirsk RUS"]
[Date "2012.11.17"]
[Round "6"]
[White "Sjugirov,S"]
[Black "Nepomniachtchi,I"]
[Result "1/2-1/2"]
[WhiteElo "2624"]
[BlackElo "2707"]

1.d4 Nf6 2.c4 g6 3.Nc3 d5 4.cxd5 Nxd5 5.e4 Nxc3 6.bxc3 Bg7 7.Bc4 c5 8.Ne2 Nc6
9.Be3 O-O 10.O-O Bg4 11.f3 Bd7 12.Rb1 Rc8 13.Bd3 Na5 14.Qd2 b6 15.Rbc1 e6
16.Bh6 Qe7 17.Bxg7 Kxg7 18.Qe3 cxd4 19.cxd4 Qa3 20.Qd2 Rxc1 21.Rxc1 Rc8 22.Rxc8 Bxc8
23.Kf2 Nc6 24.Bb5 Ne7 25.h4 h6 26.Qf4 Qb4 27.Be8 f6 28.Qc7 g5 29.Qxa7 Kf8
30.Bh5 Qd6 31.hxg5 hxg5 32.a4 Bd7 33.a5 bxa5 34.Qxa5 Nc6 35.Qc3 Ke7 36.Bg4 Qb4
37.Qxb4+ Nxb4 38.Nc3 f5 39.Bh3 Nd3+ 40.Ke3 Nf4 41.Ne2 Nxh3 42.gxh3 fxe4 43.Kxe4 Bc6+
44.Ke3 Kf6 45.f4 Kg6 46.fxg5 Kxg5 47.Nf4 Kh4 48.Nxe6 Kxh3 49.Kf4 Kh4  1/2-1/2

[Event "TCh-FIN SM 2012-13"]
[Site "Oulu FIN"]
[Date "2012.11.17"]
[Round "6.1"]
[White "Kanep,M"]
[Black "Kauppila,O"]
[Result "1-0"]
[WhiteElo "2503"]
[BlackElo "2280"]

1.d4 Nf6 2.c4 g6 3.Nc3 d5 4.cxd5 Nxd5 5.e4 Nxc3 6.bxc3 Bg7 7.Bc4 O-O 8.Ne2 c5
9.O-O Nc6 10.Be3 Na5 11.Bd3 b6 12.f4 e6 13.dxc5 Qc7 14.Qe1 Bb7 15.Qf2 bxc5
16.Bxc5 Rfd8 17.Bd4 Nc4 18.e5 Bd5 19.Ng3 Rab8 20.Rab1 a5 21.Ne4 Rxb1 22.Rxb1 Rb8
23.Qc2 Rxb1+ 24.Qxb1 Bxe4 25.Bxe4 Nd2 26.Qc2 Nxe4 27.Qxe4 Qc4 28.Qa8+ Bf8
29.Qxa5 Qe2 30.Kh1 Qf1+ 31.Bg1 Qxf4 32.a4 h5 33.Qb5 h4 34.h3 g5 35.a5 g4
36.a6 gxh3 37.Qc6 Bc5 38.Bxc5 Qf1+ 39.Bg1 h2 40.Kxh2 Qf4+ 41.Kh1  1-0

[Event "TCh-AUT 2 East 2012-13"]
[Site "Austria AUT"]
[Date "2012.11.18"]
[Round "4.3"]
[White "Maslik,M"]
[Black "Wolfram,B"]
[Result "1-0"]
[WhiteElo "2376"]
[BlackElo "2234"]

1.d4 Nf6 2.c4 g6 3.Nc3 d5 4.cxd5 Nxd5 5.e4 Nxc3 6.bxc3 Bg7 7.Be3 c5 8.Qd2 Qa5
9.Nf3 cxd4 10.cxd4 Qxd2+ 11.Nxd2 Nc6 12.Nb3 O-O 13.Rc1 f5 14.Bc4+ Kh8 15.e5 f4
16.Bd2 f3 17.gxf3 Bh3 18.Rg1 Rxf3 19.Bd5 Rff8 20.Bxc6 bxc6 21.Bg5 Be6 22.Rxc6 Bd5
23.Rc7 e6 24.Rg3 a5 25.a4 Rfb8 26.Nd2 Kg8 27.Rgc3 Bf8 28.Bf6 Rb7 29.Rxb7 Bxb7
30.Rc7 Rb8 31.Nc4 Bf3 32.Kd2 Bh6+ 33.Kc3 Bf8 34.Nd6 Bd1 35.Rb7 Bxd6 36.Rg7+ Kf8
37.exd6 Bxa4 38.d7 Rd8 39.Bxd8  1-0

[Event "22nd World Seniors Open"]
[Site "Kamena Vourla GRE"]
[Date "2012.11.18"]
[Round "6.35"]
[White "Doubleday,W"]
[Black "Maman,E"]
[Result "0-1"]
[WhiteElo "2039"]
[BlackElo "1941"]

1.d4 Nf6 2.c4 g6 3.Nc3 d5 4.cxd5 Nxd5 5.e4 Nxc3 6.bxc3 Bg7 7.Bc4 c5 8.Ne2 cxd4
9.cxd4 Nc6 10.Be3 O-O 11.O-O Bg4 12.f3 Na5 13.Bxf7+ Rxf7 14.fxg4 Rxf1+ 15.Kxf1 Qd7
16.h3 Rd8 17.Rc1 b5 18.Rc5 Nc4 19.Bf2 e6 20.a4 a6 21.d5 Bf8 22.Rc6 Qxc6  0-1

[Event "WY BU16 2012"]
[Site "Maribor SLO"]
[Date "2012.11.18"]
[Round "11.44"]
[White "Gregori,Giacomo"]
[Black "Bezuidenhout,Roland"]
[Result "0-1"]
[WhiteElo "2034"]
[BlackElo "1974"]

1.d4 Nf6 2.c4 g6 3.Nc3 d5 4.cxd5 Nxd5 5.e4 Nxc3 6.bxc3 Bg7 7.Bc4 c5 8.Ne2 Nc6
9.Be3 O-O 10.O-O Bd7 11.Rc1 Rc8 12.Qd2 Qa5 13.Rfd1 Rfd8 14.Bb3 Qa6 15.Nf4 Be8
16.Nd5 e6 17.Bg5 exd5 18.Bxd8 c4 19.Bxc4 Qxc4 20.Bg5 dxe4 21.Qf4 Bd7 22.Qxe4 h6
23.Be3 Bf5 24.Qh4 g5 25.Qg3 Ne7 26.Qf3 b5 27.h4 g4 28.Qf4 Be6 29.Qg3 Nd5
30.Bd2 Qxa2 31.Bf4 Qc4 32.Re1 Nxc3 33.Kh2 b4 34.Be5 Bxe5 35.Qxe5 Qc7 36.Qxc7 Rxc7
37.Re3 a5  0-1

[Event "VIII Governor's Cup B"]
[Site "Khanty-Mansiysk RUS"]
[Date "2012.11.23"]
[Round "9"]
[White "Kunakbaev,I"]
[Black "Gutenev,A"]
[Result "0-1"]
[WhiteElo "2169"]
[BlackElo "2341"]

1.d4 Nf6 2.c4 g6 3.Nc3 d5 4.cxd5 Nxd5 5.e4 Nxc3 6.bxc3 Bg7 7.Bc4 c5 8.Ne2 Nc6
9.Be3 O-O 10.O-O Na5 11.Bd3 b6 12.Rc1 e5 13.dxc5 Be6 14.c4 bxc5 15.Bxc5 Bh6
16.Rc3 Re8 17.Be3 Bxe3 18.fxe3 Qg5 19.Qc1 Rab8 20.Ra3 Red8 21.Rxa5 Rxd3 22.Nf4 Qd8
23.Rxe5 Rd2 24.Rb5 Rc8 25.Nxe6 fxe6 26.Qc3 Qd3 27.Qe5 Qxc4 28.h4 Qxf1+  0-1

[Event "12th Puhajarve Rapid 2012"]
[Site "Puhajarve EST"]
[Date "2012.11.23"]
[Round "6.6"]
[White "Siemer,T"]
[Black "Smith,Ax"]
[Result "1/2-1/2"]
[WhiteElo "2046"]
[BlackElo "2484"]

1.d4 Nf6 2.c4 g6 3.Nc3 d5 4.cxd5 Nxd5 5.e4 Nxc3 6.bxc3 Bg7 7.Bc4 c5 8.Ne2 O-O
9.O-O Nc6 10.Be3 Bd7 11.Rb1 Qc7 12.dxc5 Na5 13.Bb3 Rfd8 14.Qc2 e6 15.Rfd1 Bf8
16.Bg5 Re8 17.Qd3 Bc6 18.Bf4 e5 19.Bg5 Bxc5 20.Bd5 Be7 21.Bxe7 Qxe7 22.c4 Rac8
23.Nc3 Kg7 24.h3 Red8 25.Rd2 Rc7 26.Qf3 Nxc4 27.Re2 Nb6 28.Bb3 Rd4 29.Nd5 Nxd5
30.exd5 Bb5 31.Re3 Qd6 32.Rbe1 f6 33.g4 h6 34.Rc3 Rxc3 35.Qxc3 Rd3 36.Qc8 Qd7
37.Qxd7+ Bxd7 38.Rc1 Kf8 39.Rc7 Ke8 40.Rxb7 Rxh3 41.Rxa7 Rd3 42.Ra8+ Ke7
43.Ra7 Kd6 44.Ra6+ Kc5 45.Rxf6 Bxg4 46.Rxg6 h5 47.Kg2 Bf3+ 48.Kh2 Bxd5 49.Bxd5 Kxd5
50.Rg5 Rd2 51.Kg2 h4 52.Rh5 Rxa2 53.Rxh4 Ra8 54.Rb4 Rg8+ 55.Kf3 Rf8+ 56.Ke3 Rh8
57.Rb5+ Ke6 58.Rb6+ Kf5 59.Rb7 Rh3+ 60.Ke2 Kf4 61.Rb4+ e4 62.Rb8 Ra3 63.Rf8+ Ke5
64.Re8+ Kd4 65.Rd8+ Ke5  1/2-1/2

[Event "22nd TCh-SLO 2012"]
[Site "Slovenia SLO"]
[Date "2012.11.23"]
[Round "1"]
[White "Gruskovnjak,T"]
[Black "Miletic,De"]
[Result "1/2-1/2"]
[WhiteElo "2388"]
[BlackElo "2272"]

1.d4 Nf6 2.c4 g6 3.Nc3 d5 4.cxd5 Nxd5 5.e4 Nxc3 6.bxc3 Bg7 7.Qa4+ Bd7 8.Qa3 O-O
9.Bg5 Re8 10.Bc4 b5 11.Bd3 Nc6 12.Ne2 b4 13.cxb4 Nxd4 14.Nxd4 Bxd4 15.Rd1 Qb8
16.O-O Qb6 17.Bc4 e5 18.Be3 Be6 19.Bxd4 exd4 20.Bd3 Rec8 21.Rc1 a5 22.b5 c6
23.Qd6 Bxa2 24.bxc6 a4 25.f4 a3 26.e5 Bb3 27.c7 Qa7 28.Rc6 Qa5 29.Ra6 Rxa6
30.Bxa6 Rxc7 31.Qd8+ Kg7 32.Qf6+ Kg8 33.Qd8+ Kg7 34.Qf6+  1/2-1/2

[Event "TCh-SVK Extraliga 2012-13"]
[Site "Slovakia SVK"]
[Date "2012.11.24"]
[Round "3.6"]
[White "Zelovic,M"]
[Black "Najgebauer,S"]
[Result "0-1"]
[WhiteElo "2058"]
[BlackElo "2187"]

1.d4 Nf6 2.c4 g6 3.Nc3 d5 4.cxd5 Nxd5 5.e4 Nxc3 6.bxc3 Bg7 7.Bc4 c5 8.Ne2 Nc6
9.Bb2 O-O 10.O-O Bg4 11.f3 Bd7 12.Kh1 Qc7 13.Bb5 Nxd4 14.Nxd4 cxd4 15.Bxd7 dxc3
16.Bxc3 Qxc3 17.Rc1 Qa5 18.Qb3 Rab8 19.a4 Rfd8 20.Rfd1 e6 21.f4 a6 22.f5 gxf5
23.Qe3 Qe5 24.Rc4 b5 25.axb5 axb5 26.Rcd4 b4  0-1

[Event "22nd TCh-SLO 2012"]
[Site "Slovenia SLO"]
[Date "2012.11.24"]
[Round "2"]
[White "Volf,Z"]
[Black "Miletic,De"]
[Result "1/2-1/2"]
[WhiteElo "2230"]
[BlackElo "2272"]

1.d4 Nf6 2.c4 g6 3.Nc3 d5 4.cxd5 Nxd5 5.e4 Nxc3 6.bxc3 Bg7 7.Be3 c5 8.Qd2 Qa5
9.Rc1 O-O 10.d5 f5 11.exf5 Bxf5 12.Ne2 Nd7 13.Ng3 e6 14.Be2 Nf6 15.Nxf5 exf5
16.Bf3 Rad8 17.c4 Qxd2+ 18.Kxd2 b6 19.Kc2 Nd7 20.g3 Ne5 21.Be2 Rfe8 22.Rhd1 Nf7
23.Rd2 Be5 24.h4 h5 25.Kd3 Kf8 26.Bf3 Ke7 27.a4 a5 28.Re2 Kd7 29.Bg2 Bf6
30.Bf4 Rxe2 31.Ra1  1/2-1/2

[Event "2nd UNAM Open Section I 2012"]
[Site "Mexico City MEX"]
[Date "2012.11.25"]
[Round "7.10"]
[White "Otero Acosta,D"]
[Black "Videnova,I"]
[Result "1-0"]
[WhiteElo "2443"]
[BlackElo "2318"]

1.d4 Nf6 2.c4 g6 3.Nc3 d5 4.cxd5 Nxd5 5.e4 Nxc3 6.bxc3 Bg7 7.Nf3 c5 8.Be2 O-O
9.O-O Bg4 10.Be3 cxd4 11.cxd4 Nc6 12.d5 Bxa1 13.Qxa1 Na5 14.Bh6 f6 15.h3 Bxf3
16.Bxf3 Qd6 17.Bg4 Rfc8 18.Be6+ Kh8 19.f4 Qc5+ 20.Kh1 Qc3 21.e5 Qxa1 22.Rxa1 Rc2
23.d6 Nc6 24.dxe7 fxe5 25.Bg5 Kg7 26.fxe5 Nxe5 27.Rf1 Re2 28.Rf8 Rxf8 29.Bh6+ Kf6
30.exf8=Q+ Kxe6 31.Qc8+ Kd5 32.Qxb7+ Kd4 33.Bg7  1-0

[Event "12th Puhajarve Rapid 2012"]
[Site "Puhajarve EST"]
[Date "2012.11.25"]
[Round "26.3"]
[White "Volodin,Alek"]
[Black "Nyback,T"]
[Result "1/2-1/2"]
[WhiteElo "2502"]
[BlackElo "2598"]

1.d4 Nf6 2.c4 g6 3.Nc3 d5 4.cxd5 Nxd5 5.e4 Nxc3 6.bxc3 Bg7 7.Be3 c5 8.Nf3 Qa5
9.Bd2 O-O 10.Be2 Bg4 11.O-O Qa3 12.Rb1 Bxf3 13.Bxf3 cxd4 14.cxd4 Nc6 15.d5 Nd4
16.Bb4 Qxa2 17.Bxe7 Rfe8 18.Rxb7 Qa6 19.Qb1 Nxf3+ 20.gxf3 Bf6 21.Bxf6 Qxf6
22.Qb3 a5 23.Rd1 a4 24.Qa3 Rec8 25.d6 Rc3 26.Qb2 Qxf3 27.Qd2 Qg4+ 28.Kf1 Qf3
29.Re7 Qh3+ 30.Ke1 Rcc8 31.d7 Rf8 32.Qd5 Rad8 33.Rd3 Qxh2 34.Rf3 Qh1+ 35.Ke2 Qh5
36.Qxh5 gxh5 37.Rg3+ Kh8 38.Ra3 Ra8 39.Ke3 Kg7 40.Re5 Kf6 41.Rxh5 Ke6 42.Rxh7 Kxd7
43.Rh5 Ra6 44.Rd5+ Ke7 45.Rd4 Rfa8 46.f4 Ra5 47.Rb4 R5a6 48.Rc4 R6a7 49.Rd4 Ra6  1/2-1/2

[Event "22nd TCh-SLO 2012"]
[Site "Slovenia SLO"]
[Date "2012.11.25"]
[Round "3"]
[White "Rusjan,M"]
[Black "Jelen,Ig"]
[Result "1/2-1/2"]
[WhiteElo "2204"]
[BlackElo "2368"]

1.d4 Nf6 2.c4 g6 3.Nc3 d5 4.cxd5 Nxd5 5.e4 Nxc3 6.bxc3 Bg7 7.Bc4 c5 8.Ne2 Nc6
9.Be3 O-O 10.O-O Bg4 11.f3 Bd7 12.Rb1 Rc8 13.dxc5 Qc7 14.Qc2 Na5 15.Bb3 Rfd8
16.Rfd1 e6 17.Kh1 Bf8 18.Bg5 Re8 19.Qd2 Bc6 20.Be3 Red8 21.Qe1 Rxd1 22.Rxd1 Bb5
23.Nd4 Be8 24.Nxe6 fxe6 25.Bxe6+ Bf7 26.Bxc8 Qxc8 27.Qf2 Nc6 28.h3 Qe6 29.Rb1 Na5
30.Bd4 Be8 31.Re1 Nc6 32.Qb2 Nd8 33.Qa3 a6 34.Qb3 Bf7 35.Qxe6 Nxe6 36.Rb1 Nxc5
37.a4 Be8 38.Bxc5 Bxc5 39.Rxb7 Bxa4 40.Rb8+ Bf8 41.c4 Kf7 42.Ra8 Bb3 43.Rxa6 Bxc4
44.Ra7+ Be7 45.g3 h5 46.h4 Ke6 47.Kg2 Bd3 48.Rc7 Bf6 49.Rc6+ Kf7 50.Rd6 Bc4
51.f4 Be7 52.Rc6 Bb5 53.Rc7 Be2 54.Kf2 Bg4 55.Ke3  1/2-1/2

[Event "22nd TCh-SLO 2012"]
[Site "Slovenia SLO"]
[Date "2012.11.25"]
[Round "3"]
[White "Gruskovnjak,T"]
[Black "Novak,G"]
[Result "1-0"]
[WhiteElo "2388"]
[BlackElo "2248"]

1.d4 Nf6 2.c4 g6 3.Nc3 d5 4.cxd5 Nxd5 5.e4 Nxc3 6.bxc3 Bg7 7.Qa4+ c6 8.Nf3 O-O
9.Be3 c5 10.Rc1 Bg4 11.Be2 cxd4 12.cxd4 Nc6 13.d5 Ne5 14.Nxe5 Bxe2 15.Nxf7 Rxf7
16.Kxe2 Qd6 17.g3 Qe5 18.f4 Qh5+ 19.Kf2 g5 20.Qd1 Qh3 21.Qf1 Qh5 22.f5 Raf8
23.Kg2 Be5 24.h3 Bxg3 25.Qf3 Qh4 26.Bxg5 Qxg5 27.Qxg3 Qxg3+ 28.Kxg3 Rf6 29.Rc7 Kf7
30.Rxb7 Ra6 31.Rc1 Ra3+ 32.Kf4 Re8  1-0

[Event "CCSCSL IM Inv"]
[Site "Saint Louis USA"]
[Date "2012.11.27"]
[Round "4.5"]
[White "Sharevich,A"]
[Black "Ulrich,Tommy"]
[Result "0-1"]
[WhiteElo "2291"]
[BlackElo "2206"]

1.d4 Nf6 2.c4 g6 3.Nc3 d5 4.cxd5 Nxd5 5.e4 Nxc3 6.bxc3 Bg7 7.Bc4 c5 8.Ne2 O-O
9.O-O Nc6 10.Be3 Qc7 11.Rc1 b6 12.Qd2 Bb7 13.Bh6 Rad8 14.Bxg7 Kxg7 15.Qe3 e5
16.d5 Na5 17.Bd3 Bc8 18.c4 Rde8 19.Ng3 f6 20.h4 h5 21.Ne2 Nb7 22.Qg3 Qd7
23.f4 Qg4 24.fxe5 Rxe5 25.Qh2 Nd6 26.Rf4 Qd7 27.Rcf1 Qe7 28.Qg3 Rf7 29.Nc3 Ba6
30.R4f2 Bxc4 31.Bxc4 Nxc4 32.Ne2 Rxe4 33.Nf4 Rxf4 34.Qxf4 Ne5 35.Rd1 Qd6
36.a4 c4 37.Qg3 Qc5 38.Kh1 Nd3 39.Rf5 Kh7 40.Rdf1 gxf5 41.Rxf5 Rg7 42.Qf3 Qe7
43.d6 Qe1+ 44.Kh2 Qxh4+ 45.Kg1 Rg4 46.Qb7+ Kg6 47.Rf1 Qg5 48.Qf3 Qc5+  0-1

[Event "Vietnam National Masters Men 2012"]
[Site "Ho Chi Minh City VIE"]
[Date "2012.11.30"]
[Round "3.7"]
[White "Bao Khoa"]
[Black "Pham Duc Thang"]
[Result "1-0"]
[WhiteElo "2279"]
[BlackElo "2206"]

1.d4 Nf6 2.c4 g6 3.Nc3 d5 4.cxd5 Nxd5 5.e4 Nxc3 6.bxc3 Bg7 7.Bb5+ c6 8.Ba4 O-O
9.Ne2 c5 10.O-O Bd7 11.Rb1 Qc8 12.Bg5 Re8 13.Qb3 Bxa4 14.Qxa4 Nd7 15.Rfd1 b6
16.f3 e6 17.Rd2 Qb7 18.d5 exd5 19.Rxd5 Nf8 20.Rxc5 Rac8 21.Ra5 Qc7 22.Bf4 Qd8
23.Rxa7 Ne6 24.Rd1 Qh4 25.Be3 Be5 26.g3 Qh5 27.Kg2 f5 28.Rd5 Bc7 29.Nd4 Nc5
30.Rxc5 bxc5 31.Rxc7 fxe4 32.Qd7 exf3+ 33.Nxf3 Rxc7 34.Qxe8+ Kg7 35.Bf4  1-0

[Event "Doroshkevicha Mem Open 2012"]
[Site "Sochi RUS"]
[Date "2012.11.30"]
[Round "5"]
[White "Kryakvin,D"]
[Black "Vastrukhin,O"]
[Result "1-0"]
[WhiteElo "2583"]
[BlackElo "2336"]

1.d4 g6 2.c4 Nf6 3.Nc3 d5 4.cxd5 Nxd5 5.e4 Nxc3 6.bxc3 Bg7 7.Be3 O-O 8.Qd2 c5
9.Nf3 Qa5 10.Rc1 Nd7 11.d5 Re8 12.Be2 b6 13.O-O Bb7 14.Qc2 Rad8 15.c4 e6
16.Bg5 Rc8 17.Bd2 Qa3 18.Rfe1 Ne5 19.Rb1 Nxf3+ 20.Bxf3 Bd4 21.Bg4 Rcd8 22.Bg5 f6
23.Bd2 Bc8 24.Qb3 Qxb3 25.axb3 a5 26.Kf1 e5 27.Bxc8 Rxc8 28.Ke2 Re7 29.Kd3 Rb7
30.f3 Kf7 31.Rec1 h5 32.g3 Ke7 33.f4 Kd6 34.fxe5+ Bxe5 35.Bf4 Rh7 36.Rf1 h4
37.g4 h3 38.Bxe5+ Kxe5 39.Rf3 Rh4 40.Rbf1 Rf8 41.g5 f5 42.exf5 gxf5 43.Re3+ Re4
44.Rxh3 Rd4+ 45.Kc3 f4 46.g6 Kf6 47.Rg1 Rg8 48.Rd3 Re4 49.d6 Kg7 50.h4 Rd8
51.h5 Re6 52.d7 f3 53.Rxf3 Rxd7 54.h6+  1-0

[Event "4th London Classic Open"]
[Site "London ENG"]
[Date "2012.12.01"]
[Round "1"]
[White "Eames,R"]
[Black "Fields,F"]
[Result "1/2-1/2"]
[WhiteElo "2263"]
[BlackElo "1933"]

1.d4 Nf6 2.c4 g6 3.Nc3 d5 4.cxd5 Nxd5 5.e4 Nxc3 6.bxc3 Bg7 7.Bg5 c5 8.Rc1 cxd4
9.cxd4 O-O 10.d5 Bd7 11.Qd2 Re8 12.Nf3 Qb6 13.Be3 Qb2 14.Bc4 Qxd2+ 15.Kxd2 b5
16.Be2 Na6 17.a4 Reb8 18.Rb1 Nc7 19.Rhc1 Ne8 20.axb5 Nd6 21.e5 Nxb5 22.Rb3 a6
23.Rcb1 Rc8 24.h3 Nc7 25.Bc4 Bb5 26.Bxb5 axb5 27.Rd3 Ra2+ 28.Ke1 Rd8 29.Rbd1 Na6
30.Rb3 b4 31.Bg5 f6 32.Be3 fxe5 33.Ng5 Ra3 34.Rbb1 b3 35.Ne6 Rd7 36.Rbc1 h6
37.Rc8+ Kh7 38.Bc1 Ra1 39.f4 Rb7 40.Bb2 Rxd1+ 41.Kxd1 Nb4 42.Nc5 Rb5 43.fxe5 Nxd5
44.Ne6 Ne3+ 45.Ke2 Bxe5 46.Nd4 Bxd4 47.Bxd4 e5 48.Bb2 Nf5 49.Rc7+ Kg8 50.Kd3 Kf8
51.g4 Ne7 52.Rc1 Ke8 53.Ke4 Ra5 54.Bxe5 Ra2 55.Bg7 Rh2 56.Rc3 Kf7 57.Be5 b2
58.Rf3+ Ke6 59.Rf6+ Kd7 60.Rd6+ Kc8 61.Rb6 b1=Q+ 62.Rxb1 Re2+ 63.Kd4 Nc6+
64.Kd5 Nxe5 65.Rb6 Nd3 66.Rf6 Re3 67.Kd4 Rxh3 68.Rxg6 Nf4 69.Rg8+ Kd7 70.Ke5 Ne6
71.Rh8 Ng5 72.Kf5 Ke7 73.Kg6 Nf7 74.Ra8 Ne5+ 75.Kf5 Nd7 76.Ra7 Kd6 77.Ra6+ Kd5
78.Ra5+ Nc5 79.g5 hxg5 80.Kxg5 Rf3 81.Kg4 Rf7 82.Ra8 Ne4 83.Ra5+ Ke6 84.Ra6+ Nd6
85.Ra5 Nc4  1/2-1/2

[Event "TCh-AUT 2 West 2012-13"]
[Site "Rum AUT"]
[Date "2012.12.01"]
[Round "5.1"]
[White "Fedorovsky,M"]
[Black "Krassowizkij,J"]
[Result "1/2-1/2"]
[WhiteElo "2402"]
[BlackElo "2402"]

1.d4 Nf6 2.c4 g6 3.Nc3 d5 4.cxd5 Nxd5 5.e4 Nxc3 6.bxc3 Bg7 7.Bc4 c5 8.Be3 Nc6
9.Ne2 O-O 10.O-O Na5 11.Bd3 b6 12.Rc1 e5 13.dxc5 Be6 14.c4 bxc5 15.Bxc5 Bh6
16.Rc2 Re8 17.Nc3 Rc8 18.Bb4 Nc6 19.Ba3 Nd4 20.Rb2 Bxc4 21.Bxc4 Rxc4 22.Nd5 Bc1
23.Rb4 Rc6 24.Bxc1 Rxc1 25.Qd3 Rxf1+ 26.Kxf1 Qh4 27.Qg3 Rc8 28.Rb1 Qxg3 29.hxg3 Rc2
30.Ra1 Rb2 31.Nc3 Nc2 32.Nd1 Rb4  1/2-1/2

[Event "TCh-SWE Elite 2012-13"]
[Site "Sweden SWE"]
[Date "2012.12.01"]
[Round "4"]
[White "Ahlander,B"]
[Black "Smith,Ax"]
[Result "1/2-1/2"]
[WhiteElo "2422"]
[BlackElo "2484"]

1.d4 Nf6 2.c4 g6 3.Nc3 d5 4.cxd5 Nxd5 5.e4 Nxc3 6.bxc3 Bg7 7.Qa4+ Nd7 8.Nf3 c5
9.Be3 O-O 10.h3 cxd4 11.cxd4 Nb6 12.Qa3 f5 13.exf5 Bxf5 14.Be2 Qd6 15.Qxd6 exd6
16.Kd2 Rac8 17.Rhc1 Be6 18.Ng5 Nc4+ 19.Bxc4 Bxc4 20.Ne4 Bd5 21.f3 Bxe4 22.fxe4 Rce8
23.Kd3 Rf7 24.Re1 Rc8 25.Rac1 Rfc7 26.Rxc7 Rxc7 27.a4 Kf7 28.Rb1 Ke7 29.Rb3 Kd7
30.d5 b6 31.a5 bxa5 32.Ra3 Kc8 33.Rxa5 Kb8 34.Ra6 Be5 35.Bd4 Bh2 36.Ra1 Rf7
37.Rb1+ Kc8 38.Rb3 Bg3 39.Ke2 Bh4 40.Ra3 Kb8 41.Rb3+ Kc8 42.Rc3+ Kb7 43.Rb3+  1/2-1/2

[Event "TCh-CZE Extraliga 2012-13"]
[Site "Czech Republic CZE"]
[Date "2012.12.02"]
[Round "4.8"]
[White "Kalod,R"]
[Black "Cernousek,L"]
[Result "1/2-1/2"]
[WhiteElo "2497"]
[BlackElo "2434"]

1.d4 Nf6 2.c4 g6 3.Nc3 d5 4.cxd5 Nxd5 5.e4 Nxc3 6.bxc3 Bg7 7.Be3 c5 8.Qd2 O-O
9.Rc1 Qa5 10.Nf3 Rd8 11.d5 e6 12.Bg5 f6 13.Be3 exd5 14.exd5 Nc6 15.Be2 c4
16.Bxc4 Be6 17.Rd1 Ne7 18.dxe6 Rxd2 19.Rxd2 Qxc3 20.Bb3 Qa1+ 21.Rd1 Qc3+
22.Rd2 Qa1+ 23.Rd1 Qc3+ 24.Ke2  1/2-1/2

[Event "4th London Classic Open"]
[Site "London ENG"]
[Date "2012.12.02"]
[Round "2.1"]
[White "Melkumyan,H"]
[Black "Stephan,Ax"]
[Result "1-0"]
[WhiteElo "2649"]
[BlackElo "2233"]

1.d4 Nf6 2.c4 g6 3.Nc3 d5 4.cxd5 Nxd5 5.e4 Nxc3 6.bxc3 Bg7 7.Bb5+ c6 8.Ba4 e5
9.Ne2 O-O 10.O-O Qe7 11.f3 Nd7 12.Bb3 b6 13.Be3 Ba6 14.Rf2 Rfd8 15.Ng3 Nc5
16.Rd2 exd4 17.Bxd4 Bh6 18.f4 Bxf4 19.Rf2 Be3 20.Qf3 Bxf2+ 21.Qxf2 Rxd4 22.cxd4 Nxb3
23.axb3 Bb5 24.e5 c5 25.Ne4 f5 26.Nf6+ Kh8 27.Nd5 Qb7 28.Nf6 Qe7 29.Nd5 Qb7
30.Nc3 Bc6 31.Rd1 cxd4 32.Rxd4 Re8 33.Rd6 Kg8 34.Qd4 Bxg2 35.Rd7 Qf3 36.Qc4+ Kh8
37.e6 Kg8 38.Nd5 Bh3 39.Nf6+  1-0

[Event "4th London Classic Open"]
[Site "London ENG"]
[Date "2012.12.02"]
[Round "2"]
[White "Croad,N"]
[Black "Dale,Ari"]
[Result "0-1"]
[WhiteElo "2282"]
[BlackElo "2122"]

1.d4 Nf6 2.c4 g6 3.Nc3 d5 4.cxd5 Nxd5 5.e4 Nxc3 6.bxc3 Bg7 7.Be3 c5 8.Qd2 Qa5
9.Rc1 O-O 10.Nf3 Rd8 11.d5 e6 12.Bg5 f6 13.Bf4 Qa4 14.Qc2 Qxc2 15.Rxc2 exd5
16.exd5 Bf5 17.Rd2 Be4 18.Bc7 Rc8 19.d6 Bc6 20.Bc4+ Kh8 21.O-O Nd7 22.Re1 Re8
23.Rde2 Rxe2 24.Rxe2 b5 25.Bf7 f5 26.Be8 Bf6 27.h4 Kg7 28.Ng5 Kg8 29.Re6 Kg7
30.Re2 Kg8 31.Re6 Kg7 32.f4 a5 33.Re2 Kg8 34.h5 gxh5 35.Bf7+ Kg7 36.Bxh5 a4
37.Be8 Kh8 38.Re6 Kg7 39.Re3 Kh8 40.Re6 Kg7 41.Re3 Kh8 42.Nf7+ Kg7 43.Bxd7 Bxd7
44.Ne5 Be6 45.a3 b4 46.cxb4 cxb4 47.Nc6 bxa3 48.Rxa3 Bb2 49.Re3 Kf6 50.Bd8+ Rxd8
51.Re2 Rxd6  0-1

[Event "TCh-HUN 2012-13"]
[Site "Paks HUN"]
[Date "2012.12.02"]
[Round "5"]
[White "Csonka,B"]
[Black "Groszpeter,A"]
[Result "1/2-1/2"]
[WhiteElo "2287"]
[BlackElo "2481"]

1.d4 Nf6 2.c4 g6 3.Nc3 d5 4.cxd5 Nxd5 5.e4 Nxc3 6.bxc3 Bg7 7.Be3 c5 8.Rc1 Qa5
9.Qd2 e6 10.Nf3 O-O 11.Bh6 cxd4 12.Bxg7 Kxg7 13.cxd4 Qxd2+ 14.Kxd2 Nc6 15.Ke3 Bd7
16.Rb1 Na5 17.Ne5 Rfd8 18.Nc4 Nxc4+ 19.Bxc4 Bc6 20.Be2 Rd7 21.Bf3 Rad8 22.Rhd1  1/2-1/2

[Event "Vietnam National Masters Men 2012"]
[Site "Ho Chi Minh City VIE"]
[Date "2012.12.03"]
[Round "7.7"]
[White "Tran Ngoc Thach"]
[Black "Pham Duc Thang"]
[Result "0-1"]
[WhiteElo "2174"]
[BlackElo "2206"]

1.d4 Nf6 2.c4 g6 3.Nc3 d5 4.cxd5 Nxd5 5.e4 Nxc3 6.bxc3 Bg7 7.Be3 O-O 8.Qd2 c5
9.Rc1 Qa5 10.d5 f5 11.exf5 Bxf5 12.Bd3 Bxd3 13.Qxd3 Nd7 14.Ne2 Qxa2 15.h4 Ne5
16.Qd1 Qc4 17.O-O Qxh4 18.f3 b6 19.Rc2 Rad8 20.Rd2 Nc4 21.Rd3 Nb2 22.Qc2 Nxd3
23.Qxd3 c4 24.Qd2 Rf5 25.Nf4 Bh6 26.Nh3 Rfxd5 27.Qc1 Rd1 28.Rxd1 Bxe3+ 29.Qxe3 Rxd1+
30.Kh2 Rd3 31.Qe5 Qf6 32.Qb8+ Kg7 33.Qxa7 Rxc3 34.Qb7 Qe5+ 35.f4 Qe3  0-1

[Event "Vietnam National Masters Women 2012"]
[Site "Ho Chi Minh City VIE"]
[Date "2012.12.03"]
[Round "7.8"]
[White "Nguyen,Thi Thuy Trien"]
[Black "Bui Kim Le"]
[Result "0-1"]
[WhiteElo "1963"]
[BlackElo "2098"]

1.d4 Nf6 2.c4 g6 3.Nc3 d5 4.cxd5 Nxd5 5.e4 Nxc3 6.bxc3 Bg7 7.Bc4 O-O 8.Ne2 c5
9.O-O cxd4 10.cxd4 Nc6 11.Be3 Bg4 12.f3 Na5 13.Bb3 Bd7 14.Rb1 e6 15.Kh1 a6  0-1